000
00297nam a2200121Ia 4500
008
231129s9999||||xx |||||||||||||| ||spa||
040
_b
spa
082
_a
923.9 C719F
100
_a
Fernández Armesto Felipe
245
0
_a
Cristóbal Colón
264
_a
[s.l.] : Ediciones Folio
942
_2
ddc
_c
BKS
999
_c
8243
_d
8243